Thousand Splendid Suns (Record no. 318921)
[ view plain ]
| 000 -LEADER | |
|---|---|
| fixed length control field | 00425nam a2200169Ia 4500 |
| 008 - FIXED-LENGTH DATA ELEMENTS--GENERAL INFORMATION | |
| fixed length control field | 230718s9999 xx 000 0 und d |
| 020 ## - INTERNATIONAL STANDARD BOOK NUMBER | |
| International Standard Book Number | 9781408844441 |
| 041 ## - LANGUAGE CODE | |
| Language code of text/sound track or separate title | eng |
| 082 ## - DEWEY DECIMAL CLASSIFICATION NUMBER | |
| Classification number | 813.6 |
| Item number | HOS |
| 100 ## - MAIN ENTRY--PERSONAL NAME | |
| Personal name | Hosseini K. |
| 9 (RLIN) | 106958 |
| 245 ## - TITLE STATEMENT | |
| Title | Thousand Splendid Suns |
| 260 ## - PUBLICATION, DISTRIBUTION, ETC. (IMPRINT) | |
| Date of publication, distribution, etc. | 2013 |
| Name of publisher, distributor, etc. | Bloomsbury |
| 300 ## - PHYSICAL DESCRIPTION | |
| Extent | 419 |
| 365 ## - TRADE PRICE | |
| Currency code | Rs. |
| Price amount | 512.00 |
| 700 ## - ADDED ENTRY--PERSONAL NAME | |
| Personal name | Hosseini K. |
| 9 (RLIN) | 106958 |
| 906 ## - LOCAL DATA ELEMENT F, LDF (RLIN) | |
| d | B:439730-Apr-2008 |
| c | OTH |
| b | 102.4 |
| Withdrawn status | Lost status | Damaged status | Not for loan | Home library | Current library | Date acquired | Vendor | Budget Code | Cost, normal purchase price | Bill number | Total Checkouts | Full call number | Barcode | Date last seen | Discount | Cost, replacement price | Bill Date | Koha item type | Original Barcode |
|---|---|---|---|---|---|---|---|---|---|---|---|---|---|---|---|---|---|---|---|
| Cummins College of Engineering for Women Pune | Cummins College of Engineering for Women Pune | 12/07/2008 | Tbs | OTH | 409.60 | 4397 | 813.6 | CCEP-BK-30128 | 18/07/2023 | 102.4 | 512.00 | 30/04/2008 | Books | 030128 |